[Event "UZB-ch (Women)"]
[Site "Tashkent"]
[Date "2020.09.24"]
[Round "9"]
[White "Gevorgyan, Irina"]
[Black "Abdusattorova, Bakhora"]
[Result "1/2-1/2"]
[WhiteElo "2245"]
[BlackElo "2094"]
[PlyCount "27"]
[EventDate "2020.03.11"]
[EventType "tourn"]
[EventRounds "9"]
[EventCountry "UZB"]
[SourceTitle "EXT 2021"]
[Source "ChessBase"]
[SourceDate "2020.10.23"]
[SourceVersion "1"]
[SourceVersionDate "2020.10.23"]
[SourceQuality "1"]

1. Nf3 d5 2. e3 Nf6 3. c4 e6 4. Nc3 Be7 5. Qc2 0-0 6. d4 b6 7. cxd5 exd5 8. Be2 c5 9. 0-0 Nc6 10. a3 Be6 11. Rd1 Qc8 12. dxc5 bxc5 13. Na4 Nd7 14. Bd2 1/2-1/2

[Event "UZB-ch (Women)"]
[Site "Tashkent"]
[Date "2020.09.22"]
[Round "7"]
[White "Gevorgyan, Irina"]
[Black "Narzikulova, Gulhae"]
[Result "1-0"]
[WhiteElo "2245"]
[BlackElo "1837"]
[PlyCount "53"]
[EventDate "2020.03.11"]
[EventType "tourn"]
[EventRounds "9"]
[EventCountry "UZB"]
[SourceTitle "EXT 2021"]
[Source "ChessBase"]
[SourceDate "2020.10.23"]
[SourceVersion "1"]
[SourceVersionDate "2020.10.23"]
[SourceQuality "1"]

1. d4 Nf6 2. c4 c5 3. d5 e6 4. Nc3 exd5 5. cxd5 d6 6. e4 g6 7. f4 Bg7 8. Bb5+ Nfd7 9. Be2 0-0 10. Nf3 Re8 11. 0-0 Na6 12. Bd2 Rb8 13. Qc2 Qc7 14. Kh1 Nb4 15. Qb3 Bxc3 16. bxc3 Rxe4 17. Rae1 Na6 18. c4 Nf6 19. Ng5 Re8 20. Bc3 Ng4 21. Bxg4 Bxg4 22. Ne4 Rxe4 23. Rxe4 Qb6 24. Rfe1 Nc7 25. Qxb6 axb6 26. Re7 Rc8 27. Rxc7 1-0

[Event "UZB-ch (Women)"]
[Site "Tashkent"]
[Date "2020.03.11"]
[Round "1"]
[White "Omonova, Umida"]
[Black "Gevorgyan, Irina"]
[Result "1/2-1/2"]
[WhiteElo "1852"]
[BlackElo "2245"]
[PlyCount "34"]
[EventDate "2020.03.11"]
[EventType "tourn"]
[EventRounds "9"]
[EventCountry "UZB"]
[SourceTitle "CBM 195 Extra"]
[Source "ChessBase"]
[SourceDate "2020.05.31"]
[SourceVersion "1"]
[SourceVersionDate "2020.05.31"]
[SourceQuality "1"]

1. e4 c5 2. Nf3 e6 3. d4 cxd4 4. Nxd4 Nc6 5. Nc3 d6 6. Be2 Nf6 7. 0-0 Be7 8. Be3 0-0 9. f4 e5 10. Nb3 exf4 11. Bxf4 Be6 12. Bf3 Ne5 13. Qd4 Qc7 14. Rac1 Rfe8 15. Be2 Qb6 16. Rfd1 Qxd4+ 17. Nxd4 a6 1/2-1/2

[Event "Sharjah Cup (Women) 10th"]
[Site "Sharjah"]
[Date "2020.01.08"]
[Round "6"]
[White "Gong, Qianyun"]
[Black "Gevorgyan, Irina"]
[Result "1/2-1/2"]
[WhiteElo "2371"]
[BlackElo "2216"]
[PlyCount "67"]
[EventDate "2020.01.04"]
[EventType "swiss"]
[EventRounds "9"]
[EventCountry "UAE"]
[SourceTitle "CBM 194 Extra"]
[Source "ChessBase"]
[SourceDate "2020.03.31"]
[SourceVersion "1"]
[SourceVersionDate "2020.03.31"]
[SourceQuality "1"]

1. e4 c5 2. Nc3 e6 3. f4 a6 4. g3 d5 5. Nf3 d4 6. Ne2 Nf6 7. d3 Nc6 8. Bg2 Be7 9. 0-0 0-0 10. h3 Nd7 11. g4 f6 12. a3 Rb8 13. Ng3 Nb6 14. Qe2 Bd7 15. Bd2 Qc7 16. b3 Bd6 17. Nh5 Be8 18. e5 fxe5 19. fxe5 Be7 20. Ng5 Rxf1+ 21. Rxf1 Bxg5 22. Bxg5 Bxh5 23. gxh5 Rf8 24. Rxf8+ Kxf8 25. h6 Qxe5 26. hxg7+ Kxg7 27. Qg4 Qf5 28. Qg3 Nd5 29. Be4 Qf7 30. h4 Kf8 31. Qd6+ Kg7 32. Qg3 Kf8 33. Qd6+ Kg7 34. Qg3 1/2-1/2

[Event "Sharjah Cup (Women) 10th"]
[Site "Sharjah"]
[Date "2020.01.07"]
[Round "4"]
[White "Khukhashvili, Sopiko"]
[Black "Gevorgyan, Irina"]
[Result "1/2-1/2"]
[WhiteElo "2343"]
[BlackElo "2216"]
[PlyCount "45"]
[EventDate "2020.01.04"]
[EventType "swiss"]
[EventRounds "9"]
[EventCountry "UAE"]
[SourceTitle "CBM 194 Extra"]
[Source "ChessBase"]
[SourceDate "2020.03.31"]
[SourceVersion "1"]
[SourceVersionDate "2020.03.31"]
[SourceQuality "1"]

1. e4 c5 2. Nf3 e6 3. d4 cxd4 4. Nxd4 a6 5. Bd3 Qc7 6. Qe2 Bd6 7. Nf3 Nc6 8. 0-0 Nf6 9. h3 0-0 10. c4 Ne5 11. Nc3 Nxf3+ 12. Qxf3 Be5 13. Be3 d6 14. Na4 Nd7 15. Rac1 Nc5 16. Nxc5 dxc5 17. Qe2 Rd8 18. f4 Bd4 19. Bxd4 Rxd4 20. f5 f6 21. Rc3 Bd7 22. Bb1 Qe5 23. Qf2 1/2-1/2

[Event "Penang op 11th"]
[Site "Penang"]
[Date "2019.12.14"]
[Round "9"]
[White "Barath, Kalyan M"]
[Black "Gevorgyan, Irina"]
[Result "1-0"]
[WhiteElo "2063"]
[BlackElo "2271"]
[PlyCount "61"]
[EventDate "2019.12.09"]
[EventType "swiss"]
[EventRounds "9"]
[EventCountry "MAS"]
[SourceTitle "CBM 193 Extra"]
[Source "ChessBase"]
[SourceDate "2020.01.31"]
[SourceVersion "1"]
[SourceVersionDate "2020.01.31"]
[SourceQuality "1"]

1. d4 d5 2. Nf3 c6 3. c4 e6 4. Qc2 Nf6 5. g3 dxc4 6. Qxc4 b5 7. Qc2 Bb7 8. Bg2 Be7 9. 0-0 Nbd7 10. Nc3 Qb6 11. a4 a5 12. Ne5 b4 13. Ne4 Nxe5 14. dxe5 Nxe4 15. Qxe4 0-0 16. Be3 Ba6 17. Qg4 Rfd8 18. Rac1 Rac8 19. Bh6 g6 20. h4 c5 21. e4 Rd4 22. h5 Qc6 23. Rfe1 Qxa4 24. hxg6 hxg6 25. Bf3 Qd7 26. Kg2 Qc7 27. Bf4 Bf8 28. Re3 Bg7 29. Rh1 Bxe5 30. Qg5 Bxf4 31. Qf6 1-0

[Event "Penang op 11th"]
[Site "Penang"]
[Date "2019.12.10"]
[Round "2"]
[White "Abinandhan, R."]
[Black "Gevorgyan, Irina"]
[Result "1/2-1/2"]
[WhiteElo "2011"]
[BlackElo "2271"]
[PlyCount "138"]
[EventDate "2019.12.09"]
[EventType "swiss"]
[EventRounds "9"]
[EventCountry "MAS"]
[SourceTitle "CBM 193 Extra"]
[Source "ChessBase"]
[SourceDate "2020.01.31"]
[SourceVersion "1"]
[SourceVersionDate "2020.01.31"]
[SourceQuality "1"]

1. e4 c6 2. d4 d5 3. exd5 cxd5 4. Bd3 Nc6 5. c3 Nf6 6. h3 g6 7. Qc2 Bg7 8. Nf3 0-0 9. 0-0 Qc7 10. Re1 Nh5 11. Be3 e5 12. dxe5 Nxe5 13. Nxe5 Bxe5 14. Nd2 Nf4 15. Nf3 Bg7 16. Bf1 Ne6 17. Rad1 Rd8 18. Nd4 Bd7 19. Be2 Re8 20. Qc1 Bc6 21. Bf3 Nxd4 22. Bxd4 Bxd4 23. Rxd4 Rxe1+ 24. Qxe1 Re8 25. Qc1 Re5 26. Rd1 Qe7 27. Qd2 a5 28. Qd4 h6 29. h4 h5 30. g3 Kh7 31. a3 Rf5 32. Bg2 Qe2 33. Rd2 Qe1+ 34. Kh2 Re5 35. Rd1 Qe2 36. Rd2 Qe1 37. Rd1 Qe2 38. b4 axb4 39. axb4 Re7 40. Rd2 Qe5 41. Qxe5 Rxe5 42. b5 Bxb5 43. Rxd5 Rxd5 44. Bxd5 Bc6 45. Bxf7 Kg7 46. Bb3 Bf3 47. Bc2 Kf6 48. Kg1 g5 49. hxg5+ Kxg5 50. Kf1 h4 51. gxh4+ Kxh4 52. Ke1 Kg5 53. Bd1 Bd5 54. Kd2 Kf4 55. Kd3 Bf3 56. Be2 Be4+ 57. Kd4 b6 58. c4 Bc6 59. Kc3 Ke5 60. Kb4 Kd4 61. Bd1 Bd7 62. Bc2 Be6 63. Bb3 Bd7 64. Bd1 Be6 65. Be2 Bd7 66. Bf1 Bc8 67. Be2 Bd7 68. Kb3 Be6 69. Kb4 Bd7 1/2-1/2

[Event "Penang op 11th"]
[Site "Penang"]
[Date "2019.12.10"]
[Round "3"]
[White "Gevorgyan, Irina"]
[Black "Novita, Anjas"]
[Result "0-1"]
[WhiteElo "2271"]
[BlackElo "2381"]
[PlyCount "134"]
[EventDate "2019.12.09"]
[EventType "swiss"]
[EventRounds "9"]
[EventCountry "MAS"]
[SourceTitle "CBM 193 Extra"]
[Source "ChessBase"]
[SourceDate "2020.01.31"]
[SourceVersion "1"]
[SourceVersionDate "2020.01.31"]
[SourceQuality "1"]

1. Nf3 c5 2. c4 Nc6 3. g3 e5 4. Nc3 g6 5. Bg2 Bg7 6. d3 Nge7 7. Nd2 d6 8. Nf1 a6 9. Ne3 Rb8 10. Ned5 b5 11. 0-0 0-0 12. a3 h6 13. Be3 bxc4 14. dxc4 Na5 15. Nxe7+ Qxe7 16. Qc2 Bf5 17. Qa4 Qd8 18. Rfd1 Bd7 19. Qc2 Nxc4 20. Bc1 Be6 21. Nd5 Nb6 22. Be3 Bf5 23. Qc1 Kh7 24. b4 Nxd5 25. Rxd5 cxb4 26. axb4 Be6 27. Rda5 Rxb4 28. Rxa6 d5 29. Bc5 Rc4 30. Qa3 Re8 31. Rd1 Qc8 32. Be3 d4 33. Ra8 Qd7 34. Ra7 Qb5 35. Ra5 Qb6 36. Ra6 Qb4 37. Bd2 Qxa3 38. Rxa3 Rb8 39. Be4 Rb2 40. Bd3 Rc7 41. f3 f5 42. Raa1 Bd5 43. Ra5 Rd7 44. Bc1 Rbb7 45. Ba3 Ra7 46. Rxa7 Rxa7 47. Bc5 Rc7 48. Ba3 e4 49. fxe4 fxe4 50. Bb1 d3 51. exd3 Bd4+ 52. Kf1 e3 53. Rc1 Rxc1+ 54. Bxc1 Bf3 55. Ba2 g5 56. h3 e2+ 57. Ke1 Be5 58. Be3 Bxg3+ 59. Bf2 Bd6 60. Be3 h5 61. Be6 g4 62. hxg4 hxg4 63. Bf5+ Kg7 64. Be4 Kf6 65. Bd4+ Kg5 66. Be3+ Kh4 67. Bf2+ Kh3 0-1

[Event "Penang op 11th"]
[Site "Penang"]
[Date "2019.12.09"]
[Round "1"]
[White "Gevorgyan, Irina"]
[Black "Kapoor, Satvik"]
[Result "1-0"]
[WhiteElo "2271"]
[BlackElo "1771"]
[PlyCount "60"]
[EventDate "2019.12.09"]
[EventType "swiss"]
[EventRounds "9"]
[EventCountry "MAS"]
[SourceTitle "CBM 193 Extra"]
[Source "ChessBase"]
[SourceDate "2020.01.31"]
[SourceVersion "1"]
[SourceVersionDate "2020.01.31"]
[SourceQuality "1"]

1. Nf3 Nf6 2. c4 g6 3. Nc3 Bg7 4. e4 d6 5. d4 0-0 6. h3 e5 7. d5 Nbd7 8. Be3 b6 9. Nd2 Ne8 10. g4 a5 11. Bd3 Nc5 12. Bc2 f5 13. gxf5 gxf5 14. exf5 Bxf5 15. Bxf5 Rxf5 16. Qc2 Rf7 17. 0-0-0 Qd7 18. Nde4 Nxe4 19. Nxe4 h6 20. Rdg1 Kf8 21. Rg6 Qf5 22. Ng3 Qxc2+ 23. Kxc2 Rd8 24. Nh5 Rf5 25. Nxg7 Nxg7 26. Rhg1 Rd7 27. Rxh6 Kg8 28. Kd3 Rdf7 29. Rh4 Rf3 30. Re4 a4 1-0

[Event "UZB-ch (Women)"]
[Site "Tashkent"]
[Date "2019.05.12"]
[Round "9"]
[White "Gevorgyan, Irina"]
[Black "Abdusattorova, Bakhora"]
[Result "1/2-1/2"]
[WhiteElo "2315"]
[BlackElo "2094"]
[PlyCount "68"]
[EventDate "2019.05.04"]
[EventType "tourn"]
[EventRounds "9"]
[EventCountry "UZB"]
[SourceTitle "CBM 190 Extra"]
[Source "ChessBase"]
[SourceDate "2019.07.15"]
[SourceVersion "1"]
[SourceVersionDate "2019.07.15"]
[SourceQuality "1"]

1. Nf3 d5 2. d4 Nf6 3. c4 e6 4. Nc3 Bb4 5. Qb3 c5 6. dxc5 Nc6 7. Bg5 d4 8. 0-0-0 Qa5 9. Bxf6 gxf6 10. Ne4 f5 11. Nd6+ Ke7 12. e3 dxe3 13. Qxe3 Rg8 14. Nxf5+ Ke8 15. Nd6+ Ke7 16. Qf4 Rg7 17. Ne4 Bxc5 18. Qh4+ Ke8 19. Nf6+ Kf8 20. Qh6 Qxa2 21. Nxh7+ Kg8 22. Nf6+ Kf8 23. Be2 Qa1+ 24. Kc2 Nb4+ 25. Kc3 Qa5 26. Nh7+ Kg8 27. Nf6+ Kf8 28. Nh7+ Kg8 29. Nf6+ Kf8 30. Nh7+ Kg8 31. Nf6+ Kf8 32. Nh7+ Kg8 33. Nf6+ Kf8 34. Qxg7+ Ke7 1/2-1/2

[Event "Tashkent 8th March"]
[Site "Tashkent"]
[Date "2019.03.10"]
[Round "8"]
[White "Gevorgyan, Irina"]
[Black "Omonova, Umida"]
[Result "1-0"]
[WhiteElo "2283"]
[BlackElo "1987"]
[PlyCount "59"]
[EventDate "2019.03.06"]
[EventType "tourn"]
[EventRounds "9"]
[EventCountry "UZB"]
[SourceTitle "CBM 189 Extra"]
[Source "ChessBase"]
[SourceDate "2019.06.03"]
[SourceVersion "1"]
[SourceVersionDate "2019.06.03"]
[SourceQuality "1"]

1. Nf3 d5 2. d4 Nf6 3. c4 dxc4 4. e3 e6 5. Bxc4 c5 6. 0-0 a6 7. a4 Nc6 8. Qe2 cxd4 9. Rd1 Be7 10. exd4 0-0 11. Nc3 Qc7 12. Bb3 b6 13. Bg5 Na5 14. Ba2 Bb7 15. Rac1 Qd6 16. Ne5 Nd5 17. Ne4 Qd8 18. Bd2 Nb4 19. Bxb4 Bxb4 20. Nc3 Nc6 21. Nxc6 Bxc6 22. d5 Bxc3 23. dxc6 Bd4 24. c7 Qf6 25. Bb1 e5 26. Be4 Rac8 27. Bb7 Qd6 28. Bxc8 Rxc8 29. Qxa6 Qd7 30. Qb7 1-0

[Event "Tashkent 8th March"]
[Site "Tashkent"]
[Date "2019.03.08"]
[Round "4"]
[White "Kazakouski, Valery"]
[Black "Gevorgyan, Irina"]
[Result "1/2-1/2"]
[WhiteElo "2456"]
[BlackElo "2283"]
[PlyCount "21"]
[EventDate "2019.03.06"]
[EventType "tourn"]
[EventRounds "9"]
[EventCountry "UZB"]
[SourceTitle "CBM 189 Extra"]
[Source "ChessBase"]
[SourceDate "2019.06.03"]
[SourceVersion "1"]
[SourceVersionDate "2019.06.03"]
[SourceQuality "1"]

1. d4 d5 2. c4 e6 3. Nf3 c6 4. Qc2 Nf6 5. g3 Bd6 6. Bg2 0-0 7. 0-0 Nbd7 8. Nbd2 Qe7 9. e4 dxe4 10. Nxe4 Nxe4 11. Qxe4 1/2-1/2

[Event "Sharjah Cup (Women) 9th"]
[Site "Sharjah"]
[Date "2018.12.19"]
[Round "8"]
[White "Gevorgyan, Irina"]
[Black "Abdulla, Khayala Mardan Qizi"]
[Result "1/2-1/2"]
[WhiteElo "2301"]
[BlackElo "2190"]
[PlyCount "66"]
[EventDate "2018.12.14"]
[EventType "swiss"]
[EventRounds "9"]
[EventCountry "UAE"]
[SourceTitle "CBM 187 Extra"]
[Source "ChessBase"]
[SourceDate "2018.11.04"]
[SourceVersion "1"]
[SourceVersionDate "2018.11.04"]
[SourceQuality "1"]

1. Nf3 c5 2. c4 Nc6 3. Nc3 g6 4. e3 Nf6 5. d4 cxd4 6. exd4 d5 7. cxd5 Nxd5 8. Bc4 Nb6 9. Bb3 Bg7 10. Be3 0-0 11. 0-0 Bg4 12. h3 Bxf3 13. Qxf3 Nxd4 14. Qxb7 e5 15. Rad1 Qc8 16. Qe4 Nxb3 17. axb3 Qe6 18. Bc5 Rfd8 19. b4 Qb3 20. Qh4 Nd5 21. Ne4 h6 22. Rd2 g5 23. Qg4 Nf4 24. Rfd1 Rxd2 25. Rxd2 a5 26. bxa5 Qc4 27. Qf5 Ng6 28. g3 Rxa5 29. Ba3 Rd5 30. Rxd5 Qxd5 31. Bc5 Qb3 32. Ba3 Qd5 33. Bc5 Qb3 1/2-1/2

[Event "Sharjah Cup (Women) 9th"]
[Site "Sharjah"]
[Date "2018.12.18"]
[Round "7"]
[White "Boshra, Alshaeby"]
[Black "Gevorgyan, Irina"]
[Result "0-1"]
[WhiteElo "2019"]
[BlackElo "2301"]
[PlyCount "58"]
[EventDate "2018.12.14"]
[EventType "swiss"]
[EventRounds "9"]
[EventCountry "UAE"]
[SourceTitle "CBM 187 Extra"]
[Source "ChessBase"]
[SourceDate "2018.11.04"]
[SourceVersion "1"]
[SourceVersionDate "2018.11.04"]
[SourceQuality "1"]

1. d4 d5 2. c4 e6 3. Nf3 c6 4. e3 Bd6 5. Nbd2 f5 6. Be2 Nf6 7. a3 Nbd7 8. b4 0-0 9. Bb2 Ne4 10. 0-0 Qf6 11. b5 cxb5 12. cxd5 exd5 13. Bxb5 Qe7 14. Qb3 Ndf6 15. Nxe4 fxe4 16. Ne5 Be6 17. a4 Ng4 18. Nxg4 Bxg4 19. h3 Be6 20. Ba3 Rad8 21. Ra2 Qg5 22. Bxd6 Rxd6 23. Kh2 a6 24. Be2 Bxh3 25. gxh3 Rh6 26. f4 Qf5 27. Bg4 Qxg4 28. Qxd5+ Kh8 29. Qb3 Qe6 0-1

[Event "Sharjah Cup (Women) 9th"]
[Site "Sharjah"]
[Date "2018.12.15"]
[Round "3"]
[White "Gevorgyan, Irina"]
[Black "Babayan, Armine"]
[Result "1/2-1/2"]
[WhiteElo "2301"]
[BlackElo "2189"]
[PlyCount "67"]
[EventDate "2018.12.14"]
[EventType "swiss"]
[EventRounds "9"]
[EventCountry "UAE"]
[SourceTitle "CBM 187 Extra"]
[Source "ChessBase"]
[SourceDate "2018.11.04"]
[SourceVersion "1"]
[SourceVersionDate "2018.11.04"]
[SourceQuality "1"]

1. Nf3 Nf6 2. c4 e6 3. Nc3 d5 4. e3 c6 5. b3 Nbd7 6. Qc2 Bd6 7. Bb2 Rb8 8. d4 Bb4 9. Bd3 c5 10. 0-0 cxd4 11. exd4 0-0 12. c5 Re8 13. a3 Bxc3 14. Bxc3 Nf8 15. Ne5 N6d7 16. f4 f6 17. Nf3 f5 18. Ne5 Nf6 19. Bb2 Qc7 20. b4 N8d7 21. Rac1 Ne4 22. b5 Nxe5 23. dxe5 Bd7 24. Bd4 Rec8 25. Qb2 Qa5 26. Rfd1 a6 27. a4 Ra8 28. Rc2 axb5 29. axb5 Qa3 30. Qxa3 Rxa3 31. Bxe4 fxe4 32. Rb2 Rca8 33. Kf2 Ra2 34. Rdb1 1/2-1/2

[Event "Olympiad Women-43"]
[Site "Batumi"]
[Date "2018.10.03"]
[Round "9.3"]
[White "Gevorgyan, Irina"]
[Black "Guichard, Pauline"]
[Result "1-0"]
[WhiteElo "2265"]
[BlackElo "2390"]
[PlyCount "67"]
[EventDate "2018.09.24"]
[EventType "team-swiss"]
[EventRounds "11"]
[EventCountry "GEO"]
[SourceTitle "EXT 2020"]
[Source "ChessBase"]
[SourceDate "2019.10.17"]
[SourceVersion "1"]
[SourceVersionDate "2019.10.17"]
[SourceQuality "1"]
[WhiteTeam "Uzbekistan (W)"]
[BlackTeam "France (W)"]
[WhiteTeamCountry "UZB"]
[BlackTeamCountry "FRA"]

1. Nf3 d6 2. e4 Nf6 3. Nc3 e5 4. d4 Nbd7 5. Bc4 Be7 6. 0-0 0-0 7. Re1 a6 8. a4 b6 9. b3 Bb7 10. Bb2 c6 11. Bd3 Re8 12. Ne2 Bf8 13. Ng3 g6 14. h4 Bg7 15. Qd2 exd4 16. Bxd4 c5 17. Bc3 Qe7 18. Rad1 Rad8 19. Ba1 Qf8 20. Bc4 b5 21. axb5 axb5 22. Bxb5 Nxe4 23. Nxe4 Rxe4 24. Rxe4 Bxe4 25. Bxg7 Qxg7 26. Qxd6 Bxc2 27. Qe7 Rb8 28. Rxd7 Qa1+ 29. Kh2 Bxb3 30. Qxc5 Qa5 31. Nd4 Ba2 32. Qe5 Rc8 33. Nc6 Rxc6 34. Qe8+ 1-0

[Event "Olympiad Women-43"]
[Site "Batumi"]
[Date "2018.10.01"]
[Round "7.5"]
[White "Cosma, Elena Luminita"]
[Black "Gevorgyan, Irina"]
[Result "1-0"]
[WhiteElo "2328"]
[BlackElo "2265"]
[PlyCount "79"]
[EventDate "2018.09.24"]
[EventType "team-swiss"]
[EventRounds "11"]
[EventCountry "GEO"]
[SourceTitle "EXT 2020"]
[Source "ChessBase"]
[SourceDate "2019.10.17"]
[SourceVersion "1"]
[SourceVersionDate "2019.10.17"]
[SourceQuality "1"]
[WhiteTeam "Romania (W)"]
[BlackTeam "Uzbekistan (W)"]
[WhiteTeamCountry "ROU"]
[BlackTeamCountry "UZB"]

1. d4 d5 2. c4 c6 3. Nf3 Nf6 4. e3 e6 5. b3 Bd6 6. Bb2 0-0 7. Bd3 Ne4 8. 0-0 Nd7 9. Qc2 f5 10. Ba3 Qe7 11. Bxd6 Qxd6 12. Nc3 b6 13. Rac1 Bb7 14. Qb2 Nxc3 15. Qxc3 Rac8 16. Rfd1 Qe7 17. Qb2 c5 18. Qe2 dxc4 19. Bxc4 Kh8 20. Ba6 Bxf3 21. Qxf3 Rb8 22. Bb5 Rfd8 23. Bxd7 Rxd7 24. dxc5 Rxd1+ 25. Rxd1 Qxc5 26. Qb7 Rf8 27. Qxa7 h6 28. Qd7 Qc2 29. h3 f4 30. exf4 Qxa2 31. Qxe6 Qc2 32. Re1 Rxf4 33. Qxb6 Rf8 34. b4 Qd2 35. Ra1 Qb2 36. Rd1 Kh7 37. Qd4 Qa2 38. b5 Rb8 39. Re1 Qc2 40. Re7 1-0

[Event "Olympiad Women-43"]
[Site "Batumi"]
[Date "2018.09.28"]
[Round "5.12"]
[White "Wafa, Shrook"]
[Black "Gevorgyan, Irina"]
[Result "1/2-1/2"]
[WhiteElo "2136"]
[BlackElo "2265"]
[PlyCount "120"]
[EventDate "2018.09.24"]
[EventType "team-swiss"]
[EventRounds "11"]
[EventCountry "GEO"]
[SourceTitle "EXT 2020"]
[Source "ChessBase"]
[SourceDate "2019.10.17"]
[SourceVersion "1"]
[SourceVersionDate "2019.10.17"]
[SourceQuality "1"]
[WhiteTeam "Egypt (W)"]
[BlackTeam "Uzbekistan (W)"]
[WhiteTeamCountry "EGY"]
[BlackTeamCountry "UZB"]

1. e4 c6 2. d4 d5 3. Nc3 dxe4 4. Nxe4 Bf5 5. Ng3 Bg6 6. Nf3 Nd7 7. Bd3 e6 8. 0-0 Ngf6 9. c4 Bd6 10. Bg5 Qc7 11. Re1 0-0 12. Bxg6 hxg6 13. Qd2 Rfe8 14. c5 Bxg3 15. hxg3 Nd5 16. Bf4 Nxf4 17. gxf4 Rad8 18. Qe3 Nf6 19. Ne5 Nd7 20. Nc4 Nf6 21. Nd6 Re7 22. Rad1 Red7 23. a3 a5 24. g3 b6 25. b4 axb4 26. axb4 Nd5 27. Qa3 Qa7 28. Qb3 Ra8 29. Ra1 Qxa1 30. Rxa1 Rxa1+ 31. Kg2 b5 32. Qf3 Rda7 33. Qe4 R1a2 34. Qe5 Ra8 35. Ne4 Nxb4 36. Qd6 Re2 37. Kf3 Re1 38. Ng5 Rf8 39. Kg2 Re8 40. Qd7 Rf8 41. Nf3 Rd1 42. Ne5 Rd2 43. Kf3 Nd5 44. Nxc6 b4 45. Qb7 Kh7 46. g4 g5 47. f5 Rb2 48. Ne5 Rb3+ 49. Kg2 Nf4+ 50. Kh2 Rb2 51. Nxf7 exf5 52. Nxg5+ Kg6 53. Kg3 Ne2+ 54. Kg2 fxg4 55. Ne6 Nf4+ 56. Nxf4+ Rxf4 57. c6 Rbxf2+ 58. Kg3 R2f3+ 59. Kg2 Rf2+ 60. Kg3 R2f3+ 1/2-1/2

[Event "Olympiad Women-43"]
[Site "Batumi"]
[Date "2018.09.26"]
[Round "3.16"]
[White "Gevorgyan, Irina"]
[Black "Nur Abidah, Shanti"]
[Result "1-0"]
[WhiteElo "2265"]
[BlackElo "2152"]
[PlyCount "107"]
[EventDate "2018.09.24"]
[EventType "team-swiss"]
[EventRounds "11"]
[EventCountry "GEO"]
[SourceTitle "EXT 2020"]
[Source "ChessBase"]
[SourceDate "2019.10.17"]
[SourceVersion "1"]
[SourceVersionDate "2019.10.17"]
[SourceQuality "1"]
[WhiteTeam "Uzbekistan (W)"]
[BlackTeam "Indonesia (W)"]
[WhiteTeamCountry "UZB"]
[BlackTeamCountry "INA"]

1. Nf3 d5 2. e3 Nf6 3. c4 e6 4. b3 c5 5. Bb2 Nc6 6. cxd5 exd5 7. Bb5 Bd7 8. 0-0 Bd6 9. d4 cxd4 10. Nxd4 0-0 11. Be2 a6 12. Nd2 Qe7 13. Nxc6 bxc6 14. Bf3 Be5 15. Bxe5 Qxe5 16. Qc2 Rfc8 17. Rac1 Ng4 18. Bxg4 Bxg4 19. h3 Bd7 20. Nf3 Qf6 21. Qc3 Qd6 22. Qe5 Qa3 23. Rc2 a5 24. Rfc1 a4 25. Nd4 axb3 26. axb3 f6 27. Qh5 Qd6 28. Rc5 Ra1 29. Rxa1 Qxc5 30. Qe2 Qb6 31. Ra6 Qb8 32. Qd1 c5 33. Nf5 Bxf5 34. Qxd5+ Kh8 35. Qxf5 c4 36. bxc4 Rxc4 37. Ra1 Qc8 38. Qb1 h6 39. Qd1 Rc2 40. Qd5 Rc1+ 41. Rxc1 Qxc1+ 42. Kh2 Qe1 43. Qa8+ Kh7 44. Qe4+ Kh8 45. Qf5 Qc3 46. e4 Kg8 47. f4 Qd3 48. Qd5+ Qxd5 49. exd5 Kf7 50. Kg3 Ke7 51. Kf3 f5 52. Ke3 Kd6 53. Kd4 g6 54. h4 1-0

[Event "Olympiad Women-43"]
[Site "Batumi"]
[Date "2018.09.25"]
[Round "2.19"]
[White "Gevorgyan, Irina"]
[Black "Gunina, Valentina"]
[Result "1/2-1/2"]
[WhiteElo "2265"]
[BlackElo "2528"]
[PlyCount "95"]
[EventDate "2018.09.24"]
[EventType "team-swiss"]
[EventRounds "11"]
[EventCountry "GEO"]
[SourceTitle "EXT 2020"]
[Source "ChessBase"]
[SourceDate "2019.10.17"]
[SourceVersion "1"]
[SourceVersionDate "2019.10.17"]
[SourceQuality "1"]
[WhiteTeam "Uzbekistan (W)"]
[BlackTeam "Russia (W)"]
[WhiteTeamCountry "UZB"]
[BlackTeamCountry "RUS"]

1. Nf3 d5 2. c4 e6 3. e3 Nf6 4. b3 Bd6 5. Bb2 0-0 6. Be2 Qe7 7. Nc3 dxc4 8. Bxc4 a6 9. Qc2 h6 10. d4 b5 11. Bd3 Bb7 12. e4 Nh5 13. e5 Bb4 14. Be4 c5 15. Bxb7 Qxb7 16. 0-0 cxd4 17. Ne2 Nd7 18. Rad1 Rac8 19. Qd3 Rfd8 20. Qxd4 Bf8 21. Qh4 g6 22. Rd2 Re8 23. Bd4 Be7 24. Qg4 Bb4 25. Rd3 Rc2 26. Be3 Bf8 27. Rfd1 Nb6 28. R3d2 Rec8 29. Ned4 Rxd2 30. Bxd2 Nd5 31. Nh4 Bg7 32. Qe4 Qe7 33. Nhf3 Qd8 34. Re1 Bf8 35. g4 Ng7 36. Bxh6 Qa5 37. Rf1 Qxa2 38. Ng5 Rc3 39. Bxg7 Bxg7 40. Ndxe6 Qxb3 41. Nxf7 Kxf7 42. Ng5+ Kg8 43. Qxg6 Ne7 44. Qe8+ Bf8 45. Qh5 Bg7 46. Qe8+ Bf8 47. Qh5 Bg7 48. Qe8+ 1/2-1/2

[Event "Asia Nations Cup (Women) rapid"]
[Site "Hamedan"]
[Date "2018.07.27"]
[Round "3"]
[White "Mobarhani, Nazanin"]
[Black "Gevorgyan, Irina"]
[Result "0-1"]
[WhiteElo "1703"]
[BlackElo "2142"]
[PlyCount "124"]
[EventDate "2018.07.27"]
[EventType "team-tourn (rapid)"]
[EventRounds "7"]
[EventCountry "IRI"]
[SourceTitle "CBM 186 Extra"]
[Source "ChessBase"]
[SourceDate "2018.08.24"]
[SourceVersion "1"]
[SourceVersionDate "2018.08.24"]
[SourceQuality "1"]

1. e4 c5 2. Nf3 e6 3. c3 d5 4. exd5 Qxd5 5. d4 Nf6 6. Be3 cxd4 7. cxd4 Bb4+ 8. Nc3 0-0 9. Bd3 b6 10. 0-0 Bxc3 11. bxc3 Ba6 12. Re1 Bxd3 13. Qxd3 Rc8 14. Bg5 Nbd7 15. Bxf6 Nxf6 16. Ne5 Nd7 17. f4 Nxe5 18. Rxe5 Qc4 19. Re3 Qxd3 20. Rxd3 Rc4 21. Rb1 Rac8 22. Rb3 Ra4 23. a3 g6 24. Kf2 Ra5 25. Ke3 Rc4 26. Rd2 Rca4 27. Ra2 Kf8 28. Kd3 Rf5 29. g3 h6 30. Rb4 Raa5 31. Ke3 g5 32. fxg5 hxg5 33. Rbb2 Rf1 34. Rf2 Re1+ 35. Kd2 Rb1 36. Kc2 Rh1 37. Kd3 g4 38. c4 Rc1 39. Rfc2 Rd1+ 40. Rd2 Rb1 41. Kc3 Rc1+ 42. Rdc2 Rd1 43. Rd2 Rc1+ 44. Rdc2 Rf1 45. Rd2 Rc1+ 46. Kd3 Ra4 47. Rdc2 Rf1 48. Re2 Rf3+ 49. Re3 Rxe3+ 50. Kxe3 Rxc4 51. Ke4 Ke7 52. Kd3 Ra4 53. Kc3 Kd6 54. Kd3 Kd5 55. Rf2 Rxd4+ 56. Kc3 f5 57. Re2 Rd1 58. Kc2 Rd4 59. Kc3 Rc4+ 60. Kb3 b5 61. Rd2+ Rd4 62. Rc2 a5 0-1